| 000 | 01674nam0a2200385 4500 | ||
|---|---|---|---|
| 001 | RU\NLR\bibl\1935299 | ||
| 005 | 20260405151257.0 | ||
| 010 |
_a978-5-93361-012-0 _91000 |
||
| 021 |
_aRU _b2012-56005 _94091 |
||
| 035 | _a(NLR Aleph) 001924606 | ||
| 090 |
_a3352512 _c3352512 |
||
| 100 | _a20120817d2012 |||y0rusy50 ca | ||
| 101 | 0 |
_arus _afin |
|
| 102 | _aRU | ||
| 105 | _aa ||||||||| | ||
| 200 | 1 |
_aУчись говорить по-фински _dOpi puhumaan suomea _fМария Муллонен, Эйла Хямяляйнен, Лена Сильфверберг _zfin |
|
| 205 | _a4-е изд., испр. и доп. | ||
| 210 |
_aСанкт-Петербург _cиздатель Генадий Маркелов _d2012 |
||
| 215 |
_a338, [1] с. _cил., нот. _d21 |
||
| 300 | _aКорешок на фин. яз. | ||
| 300 | _aАвт. также на фин. яз.: Maria Mullonen, Eila Hämäläinen, Leena Silfverberg | ||
| 510 | 1 |
_6z22790 _aOpi puhumaan suomea _zfin |
|
| 606 | 1 |
_aФинский язык _jУчебные издания _91904905 _3RU\NLR\auth\661157210 |
|
| 686 | _aШ166.11-93рус | ||
| 700 | 1 |
_4070 _8rus _7ca _aМуллонен _bМ. И. _f1930- _gМария Ивановна _3RU\NLR\auth\7762313 _945243 |
|
| 701 | 1 |
_4070 _8rus _7ca _aХямяляйнен _bЭ. _gЭйла _3RU\NLR\auth\7762475 _945405 |
|
| 701 | 1 |
_4070 _8rus _7ca _aСильфверберг _bЛ. _gЛена _3RU\NLR\auth\7762493 _945423 |
|
| 790 | 1 |
_6z22510 _aMullonen _bM. _gMaria et al. _4070 |
|
| 801 | 0 |
_aRU _bNLR _c20120817 _gRCR |
|
| 801 | 1 |
_aRU _bNLR _c20120817 |
|
| 830 | _aавт. по кн. | ||
| 942 | _cBOOK | ||
| 980 | _aNBR | ||
| 980 | _aNB | ||